MARC details
| 000 -LEADER |
| fixed length control field |
01423nam a2200361 a 4500 |
| 001 - ACCESSION NUMBER |
| control field |
10705 |
| 003 - CONTROL NUMBER IDENTIFIER |
| control field |
CUTN |
| 005 - DATE AND TIME OF LATEST TRANSACTION |
| control field |
20130523125246.0 |
| 006 - FIXED-LENGTH DATA ELEMENTS--ADDITIONAL MATERIAL CHARACTERISTICS--GENERAL INFORMATION |
| fixed length control field |
m d |
| 007 - PHYSICAL DESCRIPTION FIXED FIELD--GENERAL INFORMATION |
| fixed length control field |
cr cnu---unuuu |
| 008 - FIXED-LENGTH DATA ELEMENTS--GENERAL INFORMATION |
| fixed length control field |
080815s2008 gw sb 001 0 eng d |
| 020 ## - INTERNATIONAL STANDARD BOOK NUMBER |
| International Standard Book Number |
9783540775324 |
| 020 ## - INTERNATIONAL STANDARD BOOK NUMBER |
| International Standard Book Number |
9783540775331 (electronic bk.) |
| 020 ## - INTERNATIONAL STANDARD BOOK NUMBER |
| International Standard Book Number |
3540775331 (electronic bk.) |
| 035 ## - SYSTEM CONTROL NUMBER |
| System control number |
(OCoLC)243864827 |
| 040 ## - CATALOGING SOURCE |
| Original cataloging agency |
N$T |
| Transcribing agency |
N$T |
| 050 14 - LIBRARY OF CONGRESS CALL NUMBER |
| Classification number |
QA9.54 |
| Item number |
.K64 2008eb |
| 090 ## - LOCALLY ASSIGNED LC-TYPE CALL NUMBER (OCLC); LOCAL CALL NUMBER (OCLC) |
| Classification number (OCLC) (R) ; Classification number, CALL (RLIN) (NR) |
QA9.54 |
| Local cutter number (OCLC) ; Book number/undivided call number, CALL (RLIN) |
Koh 2008 |
| 100 1# - MAIN ENTRY--PERSONAL NAME |
| Personal name |
Kohlenbach, U. |
| Locally assigned cutter number (author) |
KOH |
| 245 10 - TITLE STATEMENT |
| Title |
Applied proof theory |
| Medium |
[electronic resource] : |
| Remainder of title |
proof interpretations and their use in mathematics / |
| Statement of responsibility, etc |
U. Kohlenbach. |
| 260 ## - PUBLICATION, DISTRIBUTION, ETC. (IMPRINT) |
| Place of publication, distribution, etc |
Berlin : |
| Name of publisher, distributor, etc |
Springer, |
| Date of publication, distribution, etc |
c2008. |
| 300 ## - PHYSICAL DESCRIPTION |
| Extent |
xix, 532 p. |
| 440 #0 - SERIES STATEMENT/ADDED ENTRY--TITLE |
| Title |
Springer monographs in mathematics, |
| International Standard Serial Number |
1439-7382. |
| 504 ## - BIBLIOGRAPHY, ETC. NOTE |
| Bibliography, etc |
Includes bibliographical references and index. |
| 506 ## - RESTRICTIONS ON ACCESS NOTE |
| Terms governing access |
Online version restricted to NUS staff and students only through NUSNET. |
| 538 ## - SYSTEM DETAILS NOTE |
| System details note |
Mode of access: World Wide Web. |
| 538 ## - SYSTEM DETAILS NOTE |
| System details note |
System requirements: Internet connectivity; World Wide Web browser. |
| 650 #0 - SUBJECT ADDED ENTRY--TOPICAL TERM |
| Topical term or geographic name as entry element |
Proof theory. |
| 650 #0 - SUBJECT ADDED ENTRY--TOPICAL TERM |
| Topical term or geographic name as entry element |
Automatic theorem proving. |
| 776 1# - ADDITIONAL PHYSICAL FORM ENTRY |
| Qualifying information |
Original |
| International Standard Book Number |
3540775323 |
| -- |
9783540775324 |
| Record control number |
(OCoLC)213479420. |
| 942 ## - ADDED ENTRY ELEMENTS (KOHA) |
| Source of classification or shelving scheme |
Dewey Decimal Classification |
| Koha item type |
General Books |
| 956 40 - LOCAL ELECTRONIC LOCATION AND ACCESS (OCLC) |
| Uniform Resource Identifier |
<a href="https://libproxy1.nus.edu.sg/login?url=http://www.springerlink.com/openurl.asp?genre=book&isbn=978-3-540-77532-4">https://libproxy1.nus.edu.sg/login?url=http://www.springerlink.com/openurl.asp?genre=book&isbn=978-3-540-77532-4</a> |
| Public note |
View the electronic version (full-text) via springerLink |